00928nam a2200241Ia 450000500170000000800410001702000230005804000190008104100120010008200170011210000200012924500700014925000480021926000370026730000160030450400400032065000580036085000100041894200070042899900170043595201160045295201180056820240103113820.0131103s9999 xx 000 0 und d a8179017987cRs.400 aLoreto College aEnglish a891.409bDAS aDas,Sisir Kumar 2aA History of Indian literature 1911 - 1956, b cSisir Kumar Das astruggle for freedom (Triumph and tragedy)  aNew DelhibSahitya Akademic1995 axvi,908 p.  aIncludes bibliographical references aIndian Literature - History and Criticism,1911 - 1956 aLCLIB cBK c13510d63989 00102ddc4070aMAINbMAINd2013-11-04l1o891.409 DAS 41381pB13537r2017-08-23s2017-08-23w2013-11-04yBKf 00102ddc4070aMAINbMAINd2013-11-04l1o891.409 DAS 41381pB38980r2022-02-16s2022-02-08w2013-11-04yBKf